Az ifjúságpolitika az ásotthalmi pártbizottság asztalán

Elmentve itt :
Bibliográfiai részletek
Szerző: Lődi Ferenc
Dokumentumtípus: Cikk
Megjelent: 1977-07-19
Sorozat:Délmagyarország 67 No. 168
Kulcsszavak:Ásotthalom, Politikai élet párt Magyar Szocialista Munkáspárt Ásotthalom, Szociálpolitika ifjúságpolitika Ásotthalom, Társadalmi csoport ifjúság Ásotthalom
Online Access:http://dmarchiv.bibl.u-szeged.hu/85265
LEADER 00632nab a2200157 i 4500
001 delm85265
005 20190529084634.0
008 190529s1977 hu o 0|| hun d
040 |a SZTE Délmagyarország Archívum  |b hun 
041 |a hun 
100 1 |a Lődi Ferenc 
245 1 3 |a Az ifjúságpolitika az ásotthalmi pártbizottság asztalán  |h [elektronikus dokumentum] /  |c  Lődi Ferenc 
260 |c 1977-07-19 
300 |a 3 
490 0 |a Délmagyarország  |v 67 No. 168 
695 |a Ásotthalom, Politikai élet párt Magyar Szocialista Munkáspárt Ásotthalom, Szociálpolitika ifjúságpolitika Ásotthalom, Társadalmi csoport ifjúság Ásotthalom